00377nam a2200145Ia 4500008004100000020001800041041000800059082001400067100002100081245003400102250001100136260005600147300000900203650001900212251222s2023 xx 000 0 und d a9789354659645 aeng a362.4 GAN aGanvir, Shyam D. aDisability and rehabilitation a1st ed aNew DelhibJaypee Brothers Medical Publishersc2023 a317p aRehabilitation